000 00601nam a22002057a 4500
999 _c14768
_d14768
003 AR-CdUCM
008 190424b ||||| |||| 00| 0 spa d
020 _a978-968-16-4528-1
040 _aMUNICIPALIDAD PROVINCIAL DEL CUSCO
_cBIBLIOTECA MUNICIPAL DEL CUSCO
082 _aPI / 808.06 /
_bB26
100 _aBrowne, Antony
_933653
245 _aUn cuento de oso /
260 _aMéxico :
_bFondo de cultura económica,
_c2015.
300 _c15 cm.
_bIlustración
650 _aCuento
_94671
650 _aOso
_933654
650 _aInfancia
_95236
942 _2ddc
_cLIBROS
945 _arah
_d24/04/2019